Počítačová grafika a jazyk C /

Uložené v:
Podrobná bibliografia
Hlavný autor: Sobota, Branislav (Autor)
Médium: Kniha
Jazyk:Czech
Vydavateľské údaje: České Budějovice : Nakladatelství KOPP, 1996
Tagy: Pridať tag
Žiadne tagy, Buďte prvý, kto otaguje tento záznam!

MARC

LEADER 00000nam a22000003a 4500
001 stu30226
005 20150617225738.0
008 970410s1996----cs------------------cze-d
020 |a 80-85828-52-9 
040 |a STU  |b slo 
041 0 |a cze 
044 |a cs 
080 |a 519.687 
100 1 |a Sobota, Branislav  |4 aut 
245 1 |a Počítačová grafika a jazyk C /  |c [aut]Sobota,Branislav 
260 |a České Budějovice :  |b Nakladatelství KOPP,  |c 1996 
300 |a 272 s 
996 |b 284V001146  |c V*46040/O-20244  |l VVS  |s A  |a 24  |w stu30226_0001 
996 |b 284V028214  |c V*44260/O-19269  |l VVT  |s A  |a 24  |w stu30226_0004 
996 |b 284V008084  |c V*44261/O-19269a  |l VVS  |s A  |a 24  |w stu30226_0005 
996 |c I*12G8335  |l I  |s A  |a 24  |w stu30226_0006